The conservation and and repair of ecclesiastical buildings (Record no. 90840)
[ view plain ]
| 000 -LEADER | |
|---|---|
| fixed length control field | 02090cam a2200613 4500 |
| 008 - FIXED-LENGTH DATA ELEMENTS--GENERAL INFORMATION | |
| fixed length control field | 090401t1995 xxu||||| |||| 00| 0 eng d |
| 020 ## - INTERNATIONAL STANDARD BOOK NUMBER | |
| International Standard Book Number | 095200805X |
| 035 ## - SYSTEM CONTROL NUMBER | |
| System control number | (Sirsi) u39897 |
| 041 ## - LANGUAGE CODE | |
| Language code of text/sound track or separate title | eng |
| 050 ## - LIBRARY OF CONGRESS CALL NUMBER | |
| Classification number | 690.241 |
| -- | 18 |
| 245 #4 - TITLE STATEMENT | |
| Title | The conservation and and repair of ecclesiastical buildings |
| 250 ## - EDITION STATEMENT | |
| Edition statement | 2nd ed. |
| 260 ## - PUBLICATION, DISTRIBUTION, ETC. | |
| Place of publication, distribution, etc. | London |
| Name of publisher, distributor, etc. | Cathedral Communications Limited |
| Date of publication, distribution, etc. | 1995 |
| 300 ## - PHYSICAL DESCRIPTION | |
| Extent | 47p. |
| Other physical details | ill. |
| Dimensions | 30cm. |
| 350 ## - PRICE (NR) (BK AM CF MU VM SE) [OBSOLETE] | |
| Price | 5.95 |
| 490 ## - SERIES STATEMENT | |
| Series statement | Building Conservation Directory Special Report |
| Volume/sequential designation | 1 |
| 505 ## - FORMATTED CONTENTS NOTE | |
| Formatted contents note | A question of ethics |
| 505 ## - FORMATTED CONTENTS NOTE | |
| Formatted contents note | Bellframes |
| 505 ## - FORMATTED CONTENTS NOTE | |
| Formatted contents note | Precision treatment of deathwatch beetle attack |
| 505 ## - FORMATTED CONTENTS NOTE | |
| Formatted contents note | Church of St Mary the Virgin : conservation of the rood screen |
| 505 ## - FORMATTED CONTENTS NOTE | |
| Formatted contents note | Ecclesiastical exemption |
| 505 ## - FORMATTED CONTENTS NOTE | |
| Formatted contents note | Conservation and the synagogue |
| 505 ## - FORMATTED CONTENTS NOTE | |
| Formatted contents note | The inspection, repair and recording of church windows |
| 505 ## - FORMATTED CONTENTS NOTE | |
| Formatted contents note | BSMGP accreditation scheme update |
| 505 ## - FORMATTED CONTENTS NOTE | |
| Formatted contents note | A reminder of new health and safety requirements |
| 505 ## - FORMATTED CONTENTS NOTE | |
| Formatted contents note | UK cathedral floor damage survey |
| 505 ## - FORMATTED CONTENTS NOTE | |
| Formatted contents note | Ecclesiastical monuments : conservation programme notes |
| 505 ## - FORMATTED CONTENTS NOTE | |
| Formatted contents note | A weighty business : the structure of stone masonry |
| 505 ## - FORMATTED CONTENTS NOTE | |
| Formatted contents note | Funding repairs |
| 520 ## - SUMMARY, ETC. | |
| Summary, etc. | An annual looking at issues surrounding the conservation and repair of churches which includes a directory of useful orgnaisations, products and services. |
| 650 ## - SUBJECT ADDED ENTRY--TOPICAL TERM | |
| Topical term or geographic name entry element | BELLFRAMES |
| 650 ## - SUBJECT ADDED ENTRY--TOPICAL TERM | |
| Topical term or geographic name entry element | BUILDING CONSERVATION DIRECTORY |
| 650 ## - SUBJECT ADDED ENTRY--TOPICAL TERM | |
| Topical term or geographic name entry element | CHURCHES |
| 650 ## - SUBJECT ADDED ENTRY--TOPICAL TERM | |
| Topical term or geographic name entry element | ECCLESIASTICAL BUILDINGS |
| 650 ## - SUBJECT ADDED ENTRY--TOPICAL TERM | |
| Topical term or geographic name entry element | RESTORATION |
| 650 ## - SUBJECT ADDED ENTRY--TOPICAL TERM | |
| Topical term or geographic name entry element | STAINED GLASS |
| 650 ## - SUBJECT ADDED ENTRY--TOPICAL TERM | |
| Topical term or geographic name entry element | SYNAGOGUES |
| 690 ## - LOCAL SUBJECT ADDED ENTRY--TOPICAL TERM (OCLC, RLIN) | |
| Topical term or geographic name as entry element | CONSERVATION |
| 700 ## - ADDED ENTRY--PERSONAL NAME | |
| Personal name | Taylor, Jonathan |
| International Standard Serial Number | Editor |
| 700 ## - ADDED ENTRY--PERSONAL NAME | |
| Personal name | Burman, Peter |
| 700 ## - ADDED ENTRY--PERSONAL NAME | |
| Personal name | Pledger, Graham |
| 700 ## - ADDED ENTRY--PERSONAL NAME | |
| Personal name | Demaus, Robert |
| 700 ## - ADDED ENTRY--PERSONAL NAME | |
| Personal name | Stanley, Richard |
| 700 ## - ADDED ENTRY--PERSONAL NAME | |
| Personal name | Caroe, Martin |
| 700 ## - ADDED ENTRY--PERSONAL NAME | |
| Personal name | Jamilly, Edward |
| 700 ## - ADDED ENTRY--PERSONAL NAME | |
| Personal name | Cunnington, John |
| 700 ## - ADDED ENTRY--PERSONAL NAME | |
| Personal name | Horner, Michael |
| 700 ## - ADDED ENTRY--PERSONAL NAME | |
| Personal name | Fawcett, Jane |
| 700 ## - ADDED ENTRY--PERSONAL NAME | |
| Personal name | Cox, Dennis |
| 700 ## - ADDED ENTRY--PERSONAL NAME | |
| Personal name | Taylor, Jonathan |
| 700 ## - ADDED ENTRY--PERSONAL NAME | |
| Personal name | Cunliffe, Jocelyn |
| 942 ## - ADDED ENTRY ELEMENTS (KOHA) | |
| Suppress in OPAC | 0 |
| 948 ## - LOCAL PROCESSING INFORMATION (OCLC); SERIES PART DESIGNATOR (RLIN) | |
| c (OCLC) | 04/03/1997 |
| Withdrawn status | Lost status | Source of classification or shelving scheme | Damaged status | Not for loan | Home library | Current library | Shelving location | Date acquired | Cost, normal purchase price | Total Checkouts | Full call number | Barcode | Date last seen | Copy number | Cost, replacement price | Price effective from | Koha item type |
|---|---|---|---|---|---|---|---|---|---|---|---|---|---|---|---|---|---|
| Dewey Decimal Classification | London | London | Folio | 29/09/1995 | 5.95 | F690.241 TAY | 30046584 | 06/08/2019 | 1 | 5.95 | 06/08/2019 | Book |